Giant Rooks - Mystery Song - Statistiken

Allgemein
  • Dieses Quiz wurde 6 mal gespielt
  • Das Durchschnittsergebnis liegt bei 204 aus 282
Antwortstatistiken
Antwort % Korrekt
a
100%
and
100%
do
100%
heat
100%
i
100%
I
100%
in
100%
it
100%
It
100%
make
100%
me
100%
miss
100%
my
100%
never
100%
our
100%
Say
100%
so
100%
soul
100%
the
100%
to
100%
up
100%
we
100%
you
100%
You
100%
be
83%
by
83%
feelings
83%
fireflies
83%
Name des Liedes Heat up
83%
Here`s
83%
learn
83%
love
83%
move
83%
nighttime
83%
rookery
83%
they
83%
They
83%
too
83%
wanna
83%
when
83%
Why
83%
yearning
83%
All
67%
always
67%
at
67%
deep
67%
dolphins
67%
is
67%
like
67%
lovers
67%
with
67%
about
50%
alarm`s
50%
blackened
50%
breathe
50%
distance
50%
Down
50%
end
50%
I`m
50%
know
50%
missing
50%
Oh
50%
poolside
50%
scared
50%
shrine
50%
sky
50%
think
50%
this
50%
alerting
33%
beast
33%
can`t
33%
eaten
33%
For
33%
From
33%
gonna
33%
I`ll
33%
of
33%
otherwise
33%
stars
33%
tell
33%
that
33%
That
33%
what
33%
will
33%
worth
33%
around
17%
before
17%
but
17%
keep
17%
key
17%
living
17%
often
17%
on
17%
panic
17%
solar
17%
sonde
17%
system
17%
Uh
17%
While
17%
would
17%
yet
17%
dowm
0%
feels
0%
got
0%
law
0%
lke
0%
ove
0%
shape
0%
slip
0%
statistics
0%
true
0%
truth
0%
want
0%
youYou
0%
Keine übereinstimmenden Quizze gefunden
Verteilung der Resultate
Anzahl Personen mit jedem Resultat
Perzentil nach korrekt beantworteten Fragen
Ihre Resultats-Entwicklung
Sie haben dieses Quiz noch nicht gespielt